đŸŽ¶ Paroles "Les chemins du vent" Anne Sylvestre - Statistiques

Statistiques générales
  • Ce quiz a Ă©tĂ© pris 6 fois
  • Le rĂ©sultat moyen est 224 sur 298
Statistiques - réponses
Mots % Correct
Ă 
100%
ai
100%
Ceux
100%
ceux
100%
chemin
100%
chemins
100%
d'
100%
Dans
100%
dans
100%
De
100%
de
100%
des
100%
Des
100%
du
100%
dĂ»
100%
En
100%
en
100%
Et
100%
Il
100%
ils
100%
J'
100%
j'
100%
Jamais
100%
jamais
100%
Je
100%
je
100%
l'
100%
la
100%
le
100%
Le
100%
les
100%
Les
100%
m'
100%
me
100%
moi,
100%
n'
100%
ne
100%
on
100%
oĂč
100%
OĂč
100%
Ou
100%
pas
100%
qu'
100%
que
100%
Que
100%
qui
100%
Qui
100%
se
100%
Se
100%
suis
100%
toujours
100%
une
100%
vent
100%
vont
100%
vont ?
100%
vont...
100%
aurais
80%
ĂȘtre
80%
faire?
80%
Leur
80%
Nos
80%
nous
80%
peut
80%
Quand
80%
quand
80%
Si
80%
sur
80%
tous
80%
Toutes
80%
aimé
60%
croisé
60%
fait
60%
grandes
60%
indique
60%
leurs
60%
ont
60%
petit
60%
pris
60%
route
60%
routes
60%
Sans
60%
bien
40%
Croit-
40%
passer
40%
savent-
40%
buissonniĂšres
20%
caillou
20%
défont
20%
défont,
20%
défont.
20%
dépliants
20%
déserts
20%
doute
20%
doutent
20%
dur
20%
fĂȘte
20%
foulé
20%
Fut
20%
main,
20%
monde
20%
parfois
20%
pratiques
20%
quitte !
20%
rendant,
20%
restant
20%
rĂȘvant,
20%
sable
20%
sortes
20%
souvent
20%
tendre
20%
tenté
20%
trompée
20%
vis
20%
vivants
20%
yeux
20%
aiguille
0%
arrive !
0%
Attendez-
0%
avenir,
0%
carrossables
0%
course
0%
défleuri,
0%
dérangent
0%
éviter
0%
fervents
0%
foin
0%
frange
0%
imprudents
0%
insolence
0%
lentilles
0%
parcourir
0%
peinent
0%
prophĂštes
0%
redescendre
0%
reste
0%
sentes
0%
soulevant,
0%
suive
0%
tùché
0%
temps
0%
tordus
0%
vagabonde
0%
vite
0%
voyais
0%
Aucun quiz correspondant
Distribution des résultats
% des personnes avec chaque résultat
Percentile par nombre de réponses
Votre historique - résultats
Vous n’avez pas pris ce quiz